[Event "To Blitz, or not to Blitz? Knockout"]
[Site "SchemingMind.com"]
[Date "2018.07.04"]
[Round "-"]
[White "Holty"]
[Black "Chessibelle"]
[Result "1-0"]
[WhiteCountry "ENG"]
[BlackCountry "ENG"]
[WhiteElo "1736"]
[WhiteRD "59"]
[BlackElo "1238"]
[BlackRD "58"]
[GameID "430024"]

1. d4 d5 2. Nf3 Nf6 3. e3 Bd7 4. Bd3 g6 5. c4 e6 6. Nc3 Nc6 7. a3 Bg7 8. b4 a6 9. cxd5 Ne7 10. dxe6 Bxe6
11. O-O O-O 12. Bb2 c6 13. h3 b5 14. Qe2 Rb8 15. Rac1 Bc8 16. Ne4 Nxe4 17. Bxe4 f5 18. Bb1 Nd5 19. Rxc6 Bb7 20. Rc5 Qd6
21. Ba2 Kh8 22. Rfc1 Rbc8 23. Rxc8 Bxc8 24. Ng5 Bf6 25. Rxc8 Rxc8 26. Nf7+
1-0

[Event "To Blitz, or not to Blitz? Knockout"]
[Site "SchemingMind.com"]
[Date "2018.07.04"]
[Round "-"]
[White "Chessibelle"]
[Black "Holty"]
[Result "0-1"]
[WhiteCountry "ENG"]
[BlackCountry "ENG"]
[WhiteElo "1238"]
[WhiteRD "58"]
[BlackElo "1736"]
[BlackRD "59"]
[GameID "430025"]

1. e4 e6 2. d3 c5 3. Nf3 Nc6 4. Nc3 d5 5. Be2 Nge7 6. O-O g6 7. Ng5 Bg7 8. Qd2 O-O 9. Qe3 d4 10. Qh3 h6
11. Nf3 Nb4 12. Bd1 dxc3 13. b3 e5 14. Qg3 Nec6 15. Be3 b6 16. Ne1 Ba6 17. Be2 Nd4 18. Bg4 Nbxc2 19. Nxc2 Bxd3 20. Rfc1 Nxc2
21. Rab1 Nxe3 22. fxe3 Bxb1 23. Rxb1 Qd2 24. h3 c2
0-1

[Event "To Blitz, or not to Blitz? Knockout"]
[Site "SchemingMind.com"]
[Date "2018.08.06"]
[Round "-"]
[White "Ronald R. Nurmi"]
[Black "fu_manchu"]
[Result "1-0"]
[WhiteCountry "USA"]
[BlackCountry "CAN"]
[WhiteElo "1824"]
[WhiteRD "80"]
[BlackElo "1806"]
[BlackRD "77"]
[GameID "431096"]

1. d4 Nf6 2. Bf4 g6 3. Nc3 Bg7 4. e4 d6 5. Qd2 O-O 6. O-O-O c6 7. Bh6 Nbd7 8. h4 e5 9. dxe5 dxe5 10. h5 Nxh5
11. Bxg7 Kxg7 12. g4 Nf4 13. Nge2 Nxe2+ 14. Nxe2 Qe7 15. Qh6+ Kf6 16. g5+ Ke6 17. Qh3+ f5 18. exf5+ Kf7 19. Qxh7+ Ke8 20. Qxe7+ Kxe7
21. Rh7+ Ke8 22. f6 Nc5 23. Re7#
1-0

[Event "To Blitz, or not to Blitz? Knockout"]
[Site "SchemingMind.com"]
[Date "2018.08.05"]
[Round "-"]
[White "fu_manchu"]
[Black "Ronald R. Nurmi"]
[Result "0-1"]
[WhiteCountry "CAN"]
[BlackCountry "USA"]
[WhiteElo "1806"]
[WhiteRD "77"]
[BlackElo "1824"]
[BlackRD "80"]
[GameID "431097"]

1. d4 d5 2. c4 c6 3. Nf3 dxc4 4. e3 Be6 5. Nc3 b5 6. a4 b4 7. Ne4 Nf6 8. Nc5 Bd5 9. Bd2 e6 10. Bxb4 Nbd7
11. Be2 Rb8 12. Ba3 Qa5+ 13. Qd2 Qxd2+ 14. Kxd2 Bxc5 15. dxc5 Ne4+ 16. Ke1 Ndxc5 17. Ne5 Nxa4 18. Nxc4 Bxc4 19. Bxc4 Nxb2 20. Be2 Na4
21. Bf3 f5 22. Bxe4 fxe4 23. Rc1 Kf7 24. Ke2 Rhc8 25. Rc4 Nb6 26. Rxe4 Nd5 27. Rc1 Rb6 28. f4 Rb3 29. Bd6 Nc3+
0-1

[Event "To Blitz, or not to Blitz? Knockout"]
[Site "SchemingMind.com"]
[Date "2018.08.10"]
[Round "-"]
[White "clare1347"]
[Black "ray winteringham"]
[Result "1-0"]
[WhiteCountry "ENG"]
[BlackCountry "ENG"]
[WhiteElo "2289"]
[WhiteRD "89"]
[BlackElo "1491"]
[BlackRD "55"]
[GameID "431285"]

1. e4 e5 2. Nf3 Nc6 3. Bb5 d6 4. O-O Bd7 5. d4 f6 6. Be3 Be7 7. d5 Na5 8. Bxd7+ Qxd7 9. Nfd2 c6 10. b4 Qc7
11. Qg4 g5 12. bxa5 Qxa5 13. Qe6 c5 14. Nc4 Qc7 15. Nc3 Qd7 16. Nb5 Qxe6 17. dxe6 Kd8 18. Rfd1 Kc8 19. Nbxd6+ Bxd6 20. Nxd6+ Kc7
21. Nf7 Ne7 22. Nxh8 Rxh8 23. Rd7+
1-0

[Event "To Blitz, or not to Blitz? Knockout"]
[Site "SchemingMind.com"]
[Date "2018.08.10"]
[Round "-"]
[White "ray winteringham"]
[Black "clare1347"]
[Result "0-1"]
[WhiteCountry "ENG"]
[BlackCountry "ENG"]
[WhiteElo "1491"]
[WhiteRD "55"]
[BlackElo "2289"]
[BlackRD "89"]
[GameID "431286"]

1. d4 d5 2. c3 Bf5 3. e3 e6 4. Bd3 Bxd3 5. Qxd3 Qg5 6. Qb5+ c6 7. Qf1 Qf6 8. Nf3 Nd7 9. b3 Qg6 10. g3 Qc2
11. Bd2 Ngf6 12. Qe2 Qb2 13. O-O Qxa1 14. c4 Qxa2 15. Qd3 Be7 16. Rc1 O-O 17. Ne1 Ne4 18. Nc2 b5 19. Nba3 Nxd2 20. Qxd2 Bxa3
21. Ra1 Qxb3 22. Rxa3 Qb1+ 23. Kg2 dxc4 24. Qc3 a5 25. Qd2 b4 26. Ra1 Qb3 27. Qd1 c5 28. dxc5 Nxc5 29. Rb1 Rad8 30. Qxd8 Rxd8
31. Rxb3 cxb3
0-1

[Event "To Blitz, or not to Blitz? Knockout"]
[Site "SchemingMind.com"]
[Date "2018.08.20"]
[Round "-"]
[White "peeuukoo"]
[Black "David Hartley"]
[Result "1-0"]
[WhiteCountry "FIN"]
[BlackCountry "ENG"]
[WhiteElo "1871"]
[WhiteRD "106"]
[BlackElo "1770"]
[BlackRD "77"]
[GameID "431461"]

1. d4 d5 2. c4 e6 3. Nc3 Nf6 4. Nf3 c5 5. dxc5 Bxc5 6. cxd5 exd5 7. e3 Nc6 8. Bb5 O-O 9. O-O Bg4 10. Be2 a6
11. a3 b5 12. Qc2 Qc7 13. Nxb5 Qb6 14. Nc3 Qa7 15. Na4 Be7 16. Qxc6 Bd7 17. Qc2 Rfc8 18. Qd1 Rc7 19. Nc3
1-0

[Event "To Blitz, or not to Blitz? Knockout"]
[Site "SchemingMind.com"]
[Date "2018.08.20"]
[Round "-"]
[White "David Hartley"]
[Black "peeuukoo"]
[Result "0-1"]
[WhiteCountry "ENG"]
[BlackCountry "FIN"]
[WhiteElo "1779"]
[WhiteRD "74"]
[BlackElo "1932"]
[BlackRD "105"]
[GameID "431462"]

1. e4 e5 2. Nf3 Nc6 3. Bb5 a6 4. Ba4 Nf6 5. O-O Be7 6. Re1 O-O 7. Bxc6 dxc6 8. Nxe5 Bd6 9. Nf3 Bf4 10. d3 Bxc1
11. Qxc1 Bg4 12. Re3 Bh5 13. h3 h6 14. Nbd2 Re8 15. Nf1 Bg6 16. Ng3 c5 17. c4 c6 18. Qd2 Nd7 19. Rae1 Ne5 20. Nxe5 Rxe5
21. f4 Re8 22. f5 Bh7 23. Qe2 Qd4 24. Kh1 Qe5 25. Nh5 Kh8 26. Ng3 f6 27. b3 b5 28. Rd1 Rad8 29. Kg1 Rd4 30. Nh1 Bxf5
31. Nf2 Bc8 32. Re1 Rdd8 33. a4 Re7 34. Qd2 b4 35. R1e2 Rde8 36. Qe1 Qd4 37. Kf1 f5 38. Rd2 Rd8 39. Rf3 fxe4 40. Nxe4 Rxe4
41. Qxe4 Qxe4 42. dxe4 Rxd2 43. Re3 Be6 44. Kg1 Rc2 45. Kf1 Rc3 46. Rxc3 bxc3 47. Ke2 Bf7 48. Kd3 Bg6 49. g3 Bxe4+ 50. Kxc3 Kg8
51. a5 Kf7 52. b4 cxb4+ 53. Kxb4 Ke6 54. Kc5 Kd7 55. Kb6 Bd3
0-1

[Event "To Blitz, or not to Blitz? Knockout"]
[Site "SchemingMind.com"]
[Date "2018.08.20"]
[Round "-"]
[White "Abstract Actuary"]
[Black "Geoffrey Rosser"]
[Result "1-0"]
[WhiteCountry "USA"]
[BlackCountry "ENG"]
[WhiteElo "1931"]
[WhiteRD "76"]
[BlackElo "1870"]
[BlackRD "64"]
[GameID "431520"]

1. e4 e5 2. Nf3 Nc6 3. c3 Nf6 4. d4 exd4 5. e5 Nd5 6. cxd4 Be7 7. Qb3 Nb6 8. d5 Nb8 9. Nc3 O-O 10. Bd3 d6
11. e6 c6 12. exf7+ Rxf7 13. dxc6 bxc6 14. Bxh7+ Kf8 15. O-O Ba6 16. Re1 Bc4 17. Qc2 Na6 18. a3 Rb8 19. Bd2 Nc5 20. Nd4 Qd7
21. b3 Ne6 22. bxc4 Nxd4 23. Qe4 Nb3 24. Rad1 Nxd2 25. Rxd2 Bf6 26. Ne2 Re7 27. Qf4 Rd8 28. Red1 d5 29. cxd5 cxd5 30. Nc3 Qd6
31. Qxd6 Rxd6 32. Nb5 Rde6 33. f4 a6 34. Nd4 Re1+ 35. Rxe1 Rxe1+ 36. Kf2 Bxd4+ 37. Rxd4 Ra1 38. Rd3 Kf7 39. f5 Ke7 40. Bg8 Kd6
41. g4 Ke5 42. Kf3 Rf1+ 43. Kg2 Rc1 44. h4 Ke4 45. Rb3 Nc4 46. Bh7 Kd4 47. g5 Rc2+ 48. Kg3 Rc3+ 49. Rxc3 Kxc3 50. f6 gxf6
51. g6
1-0

[Event "To Blitz, or not to Blitz? Knockout"]
[Site "SchemingMind.com"]
[Date "2018.08.20"]
[Round "-"]
[White "Geoffrey Rosser"]
[Black "Abstract Actuary"]
[Result "1-0"]
[WhiteCountry "ENG"]
[BlackCountry "USA"]
[WhiteElo "1905"]
[WhiteRD "67"]
[BlackElo "1856"]
[BlackRD "81"]
[GameID "431521"]

1. e4 e6 2. d4 d5 3. Nd2 Be7 4. Bd3 c5 5. Bb5+ Nc6 6. Ngf3 a6 7. Bxc6+ bxc6 8. O-O Nf6 9. Ne5 Bb7 10. Ndf3 O-O
11. exd5 cxd5 12. c3 cxd4 13. Nxd4 Bc5 14. Bg5 h6 15. Bxf6 Qxf6 16. Nd7 Qe7 17. Nxf8 Rxf8 18. b4 Bb6 19. a4 f5 20. Qd3 Qg5
21. Nxe6 Qg4 22. Nxf8 Kxf8 23. Qg3
1-0

[Event "To Blitz, or not to Blitz? Knockout"]
[Site "SchemingMind.com"]
[Date "2018.08.25"]
[Round "-"]
[White "Phillip Beckett"]
[Black "John Hamer"]
[Result "0-1"]
[WhiteCountry "ENG"]
[BlackCountry "ENG"]
[WhiteElo "1482"]
[WhiteRD "55"]
[BlackElo "2015"]
[BlackRD "72"]
[GameID "431700"]

1. d4 Nf6 2. c4 d5 3. Nc3 c6 4. cxd5 cxd5 5. Bg5 Nc6 6. e3 h6 7. Bh4 e6 8. Bd3 Bd6 9. Nf3 O-O 10. O-O Bd7
11. a3 Rc8 12. Rc1 Qe7 13. Bb1 Rfd8 14. Qd3 Na5 15. Nb5 Bb8 16. Bxf6 Qxf6 17. Qh7+ Kf8 18. Nc3 Nb3 19. Rcd1 Bc6 20. Qc2 Na1
21. Qh7 Nb3 22. Ne5 Bxe5 23. dxe5 Qxe5 24. Kh1 Qf6 25. f4 Nc5 26. f5 e5 27. b4 Na4 28. Nxa4 Bxa4 29. g4 Bxd1 30. Rxd1 Ke7
31. g5 hxg5 32. Qh3 Rd7 33. Qf3 e4 34. Bxe4 dxe4 35. Qxe4+ Kd8 36. Rxd7+ Kxd7 37. Qxb7+ Kd8 38. Qd5+ Ke8 39. Qe4+ Kf8
0-1

[Event "To Blitz, or not to Blitz? Knockout"]
[Site "SchemingMind.com"]
[Date "2018.08.23"]
[Round "-"]
[White "John Hamer"]
[Black "Phillip Beckett"]
[Result "1-0"]
[WhiteCountry "ENG"]
[BlackCountry "ENG"]
[WhiteElo "2015"]
[WhiteRD "72"]
[BlackElo "1482"]
[BlackRD "55"]
[GameID "431701"]

1. d4 d5 2. Nf3 Nf6 3. c4 e6 4. Bf4 Be7 5. e3 c6 6. Nc3 Nbd7 7. Bd3 dxc4 8. Bxc4 O-O 9. O-O Nd5 10. Bg3 N7b6
11. Bd3 Nxc3 12. bxc3 Nd5 13. c4 Nf6 14. Ne5 Nd7 15. c5 Nxe5 16. Bxe5 Bf6 17. Bd6 Be7 18. Bf4 Bf6 19. Rb1 Bd7 20. Rxb7 Bc8
21. Rc7 Qd5 22. Qc2 a5 23. Bxh7+ Kh8 24. Be4 Qh5 25. Bxc6 Ra6 26. Bf3 Qh7 27. Qb3 g5 28. Bd6 Rg8 29. Qc4 Bd8 30. Be5+ f6
31. Rxh7+ Kxh7 32. Qd3+ Kg7 33. Bb8
1-0

[Event "To Blitz, or not to Blitz? Knockout"]
[Site "SchemingMind.com"]
[Date "2018.08.28"]
[Round "-"]
[White "willyboy"]
[Black "DANDYLIONHONEYBADGER"]
[Result "1-0"]
[WhiteCountry "AUT"]
[BlackCountry "USA"]
[WhiteElo "2012"]
[WhiteRD "80"]
[BlackElo "1372"]
[BlackRD "71"]
[GameID "431706"]

1. e4 Nc6 2. d4 e5 3. d5 Nd4 4. c3 Nc6 5. dxc6 dxc6 6. Qxd8+ Kxd8 7. Bc4 Be6 8. Bxe6 fxe6 9. Be3 h6 10. Nd2 b5
11. Ngf3 Bd6 12. O-O-O Nf6 13. Nh4 Ng4 14. Ng6 Rg8 15. h3 Nxe3 16. fxe3 Kc8 17. Nf3 Kb7 18. Nfxe5 Bc5 19. Kd2 Rgd8+ 20. Ke2 Bd6
21. Nf7 Rd7 22. Rhf1 c5 23. e5
1-0

[Event "To Blitz, or not to Blitz? Knockout"]
[Site "SchemingMind.com"]
[Date "2018.08.28"]
[Round "-"]
[White "DANDYLIONHONEYBADGER"]
[Black "willyboy"]
[Result "0-1"]
[WhiteCountry "USA"]
[BlackCountry "AUT"]
[WhiteElo "1372"]
[WhiteRD "71"]
[BlackElo "2012"]
[BlackRD "80"]
[GameID "431707"]

1. Nc3 d5 2. d4 Nf6 3. f3 c5 4. e3 e6 5. Bb5+ Bd7 6. Bxd7+ Nbxd7 7. Nge2 Bd6 8. dxc5 Bxc5 9. Na4 Qa5+ 10. Nac3 O-O
11. a3 Rfc8 12. b4 Bxb4 13. Qd2 Bxc3 14. Nxc3 Qxc3 15. Qxc3 Rxc3 16. Ra2 Rac8 17. Kd2 Ne5
0-1

[Event "To Blitz, or not to Blitz? Knockout"]
[Site "SchemingMind.com"]
[Date "2018.08.24"]
[Round "-"]
[White "smothered mate"]
[Black "errantknight"]
[Result "1-0"]
[WhiteCountry "POL"]
[BlackCountry "USA"]
[WhiteElo "2086"]
[WhiteRD "86"]
[BlackElo "1604"]
[BlackRD "84"]
[GameID "431719"]

1. e4 c5 2. c3 Nc6 3. d4 cxd4 4. cxd4 a6 5. a4 d6 6. Bc4 Na5 7. Ba2 b6 8. b4 Nc6 9. Qh5 g6 10. Qd5 e6
11. Qxc6+ Bd7 12. Qc2 Rc8 13. Qd1 Bg7 14. Bb2 Nf6 15. Nd2 Bc6 16. d5 Bd7 17. Ngf3 e5 18. O-O Bg4 19. h3 Bh5 20. Rc1 O-O
21. Qb3 Qd7 22. b5 a5 23. Rc6 Rb8 24. Rfc1 Rfc8 25. Nh2 Rxc6 26. dxc6 Qc7 27. g4 Bxg4 28. Nxg4 Nxg4 29. hxg4 Bh6 30. Rd1 Qe7
31. Nf1 Rf8 32. Qh3 Bf4 33. Bc1 Qg5 34. Bxf4 exf4 35. Rd5 Qf6 36. g5 Qg7 37. c7
1-0

[Event "To Blitz, or not to Blitz? Knockout"]
[Site "SchemingMind.com"]
[Date "2018.08.23"]
[Round "-"]
[White "errantknight"]
[Black "smothered mate"]
[Result "0-1"]
[WhiteCountry "USA"]
[BlackCountry "POL"]
[WhiteElo "1608"]
[WhiteRD "99"]
[BlackElo "2050"]
[BlackRD "87"]
[GameID "431720"]

1. e4 e6 2. Nf3 c5 3. Bc4 a6 4. a3 d5 5. exd5 exd5 6. Be2 Nc6 7. h3 Bd6 8. d3 Nge7 9. Nc3 O-O 10. O-O Be6
11. Bd2 Rc8 12. Re1 Bb8 13. Na2 Qc7 14. Qc1 Nd4 15. Bf4 Nxe2+ 16. Rxe2 Qxf4 17. Qxf4 Bxf4 18. Nc3 b5 19. Ne5 d4 20. Na2 Bxa2
21. Rxa2 Nd5 22. Nf3 Rfe8 23. Rxe8+ Rxe8 24. Ra1 g6
0-1

[Event "To Blitz, or not to Blitz? Knockout"]
[Site "SchemingMind.com"]
[Date "2018.08.25"]
[Round "-"]
[White "spoke"]
[Black "Andrea Carra"]
[Result "0-1"]
[WhiteCountry "GER"]
[BlackCountry "ITA"]
[WhiteElo "1863"]
[WhiteRD "66"]
[BlackElo "2057"]
[BlackRD "103"]
[GameID "431837"]

1. e4 e6 2. d4 d5 3. Nd2 c5 4. Ngf3 Nf6 5. exd5 Nxd5 6. c4 Nf6 7. Nb3 Nc6 8. Bg5 cxd4 9. Nbxd4 Nxd4 10. Qxd4 Bb4+
11. Bd2 Bxd2+ 12. Qxd2 Qxd2+ 13. Nxd2 b6 14. Be2 Bb7 15. O-O O-O 16. Bf3 Rab8 17. Rfd1 Rfd8 18. Bxb7 Rxb7 19. Kf1 Rbd7 20. Ke1 Ng4
21. h3 Nxf2
0-1

[Event "To Blitz, or not to Blitz? Knockout"]
[Site "SchemingMind.com"]
[Date "2018.08.25"]
[Round "-"]
[White "Andrea Carra"]
[Black "spoke"]
[Result "1-0"]
[WhiteCountry "ITA"]
[BlackCountry "GER"]
[WhiteElo "2057"]
[WhiteRD "103"]
[BlackElo "1863"]
[BlackRD "66"]
[GameID "431838"]

1. e4 e5 2. Nf3 Nc6 3. Bb5 Bb4 4. O-O Nge7 5. c3 Ba5 6. Na3 O-O 7. Nc4 d5 8. exd5 Qxd5 9. Bxc6 Nxc6 10. Qb3 Bb6
11. Ncxe5 Qxb3 12. axb3 Nxe5 13. Nxe5 Be6 14. Nc4 Bc5 15. d4 Be7 16. Bf4 Bxc4 17. bxc4 c6 18. Rfe1 Bf6 19. d5 cxd5 20. cxd5 a6
21. d6 Rfd8 22. Rad1 Rd7 23. Rd3 Kf8 24. Kf1 Re8 25. Red1 Be5 26. Be3 Re6 27. Bc5 f5 28. Re1 Kf7 29. Rde3 b6 30. Ba3
1-0

[Event "To Blitz, or not to Blitz? Knockout"]
[Site "SchemingMind.com"]
[Date "2018.08.26"]
[Round "-"]
[White "Wojciech  Langer"]
[Black "Aleksandr Frenkel"]
[Result "0-1"]
[WhiteCountry "INT"]
[BlackCountry "USA"]
[WhiteElo "1754"]
[WhiteRD "102"]
[BlackElo "2200"]
[BlackRD "77"]
[GameID "431845"]

1. d4 Nf6 2. Nf3 g6 3. c4 Bg7 4. d5 d6 5. e3 c6 6. Be2 cxd5 7. cxd5 Qa5+ 8. Bd2 Qxd5 9. O-O Ne4 10. Nc3 Bxc3
11. bxc3 O-O 12. Qb3 Be6 13. Qxd5 Bxd5 14. Rfd1 Rc8 15. Rdc1 h5 16. h4 Bc4 17. Kf1 Nd7 18. Be1 Nb6 19. a4 Nd5 20. Ra3 b6
21. Nd4 a6 22. Kg1 e5 23. Bxc4 Rxc4 24. Ne2 Rac8 25. f3 Nc5 26. e4 Nc7 27. Rd1 Nxa4 28. Rxd6 Nb5 29. Rb3 Nxd6 30. Kf2 R8c6
0-1

[Event "To Blitz, or not to Blitz? Knockout"]
[Site "SchemingMind.com"]
[Date "2018.08.26"]
[Round "-"]
[White "Aleksandr Frenkel"]
[Black "Wojciech  Langer"]
[Result "1-0"]
[WhiteCountry "USA"]
[BlackCountry "INT"]
[WhiteElo "2149"]
[WhiteRD "86"]
[BlackElo "1773"]
[BlackRD "101"]
[GameID "431846"]

1. e4 c5 2. Nf3 e6 3. d4 cxd4 4. Nxd4 a6 5. Bd3 Nc6 6. Be3 Nf6 7. Nd2 d5 8. Nxc6 bxc6 9. O-O Be7 10. f4 dxe4
11. Nxe4 O-O 12. Nxf6+ Bxf6 13. c3 Bb7 14. Qc2 h6 15. Rad1 Qc7 16. Qf2 Be7 17. Bb6 Qb8 18. f5 Kh8 19. fxe6 fxe6 20. Qd4 Bf6
21. Qe4 Kg8 22. Qh7+ Kf7 23. Rxf6+ Kxf6 24. Rf1+ Ke7 25. Qxg7+ Kd6 26. Bc5+ Kxc5 27. Qd4#
1-0

[Event "To Blitz, or not to Blitz? Knockout"]
[Site "SchemingMind.com"]
[Date "2018.08.27"]
[Round "-"]
[White "Karsten Kjeldsen"]
[Black "Robert Bruce"]
[Result "1-0"]
[WhiteCountry "DEN"]
[BlackCountry "SCO"]
[WhiteElo "2315"]
[WhiteRD "125"]
[BlackElo "2311"]
[BlackRD "68"]
[GameID "431850"]

1. e4 Nf6 2. e5 Nd5 3. d4 d6 4. Nf3 dxe5 5. Nxe5 c6 6. Be2 Bf5 7. O-O Nd7 8. Nf3 e6 9. c4 N5f6 10. Nc3 Qc7
11. Nh4 Bg6 12. g3 O-O-O 13. Qa4 Kb8 14. Nxg6 hxg6 15. Rd1 Be7 16. Be3 Rh3 17. c5 Ka8 18. b4 Rdh8 19. Bf3 Nd5 20. Nxd5 exd5
21. b5 Rxh2 22. Rab1 cxb5 23. Rxb5 Qc6 24. Qb3 a6 25. Rb4 R2h5 26. g4 Bxc5 27. dxc5 Ne5 28. Bg2 Rh2 29. Qxd5 Rxg2+ 30. Kxg2 Re8
31. Re4 Qc8 32. Bf4 f6 33. Bxe5 fxe5 34. Qd7 Kb8 35. Qxc8+
1-0

[Event "To Blitz, or not to Blitz? Knockout"]
[Site "SchemingMind.com"]
[Date "2018.08.27"]
[Round "-"]
[White "Robert Bruce"]
[Black "Karsten Kjeldsen"]
[Result "1-0"]
[WhiteCountry "SCO"]
[BlackCountry "DEN"]
[WhiteElo "2384"]
[WhiteRD "68"]
[BlackElo "2264"]
[BlackRD "117"]
[GameID "431851"]

1. f4 d5 2. Nf3 Nf6 3. e3 g6 4. g3 Bg7 5. Nc3 O-O 6. d4 c5 7. Bg2 Nc6 8. O-O cxd4 9. exd4 Qb6 10. Na4 Qc7
11. Nc5 Bg4 12. c3 Ne4 13. Nd3 Rac8 14. Qe1 Qb6 15. Nfe5 Bf5 16. Nf2 Nxf2 17. Qxf2 Rfd8 18. g4 Nxe5 19. fxe5 Be6 20. Bg5 Rc7
21. h3 Rb8 22. a4 Qb3 23. Rfe1 Qb6 24. Re3 a6 25. Rf3 Rf8 26. a5 Qc6 27. Qh4 Qb5 28. Rf2 Qd7 29. Kh2 Qd8 30. Re1 Rd7
31. Ref1 Rc7 32. Kh1 Kh8 33. Rf3 Rd7 34. Rf4 Kg8 35. R4f2 Re8 36. Bh6 Bh8 37. Ra1 f6 38. Qg3 Qb8 39. Raf1 Qc7 40. Bf3 Qxa5
41. Be2 Red8 42. exf6 exf6 43. Qe5 Bf7 44. Rxf6 Qc7 45. Qxc7 Rxc7 46. Rb6 Rdd7 47. Bxa6 Bg7 48. Bxg7 Kxg7 49. Bb5 Re7 50. Kg2 Re3
51. Ra1 g5 52. Bf1 Be8 53. Kf2 Rce7 54. Rd1 h5 55. gxh5 Bxh5 56. Rd2 R3e6 57. Rxe6 Rxe6 58. Bg2 Rd6 59. Kg3 Bf7 60. Rf2 Rd8
61. Re2 Kf6 62. Bf3 Ra8 63. Rf2 Kg7 64. Rh2 Ra1 65. Rg2 b5 66. Re2 Rg1+ 67. Kh2 Rf1 68. Bg2 Rc1 69. Re3 Kf6 70. Kg3 Rb1
71. Rf3+ Ke7 72. b4 Be6 73. Re3 Kd6 74. Bf3 Rg1+ 75. Kf2 Rc1 76. Be2 Bd7 77. Rg3 Rc2 78. Ke1 Rc1+ 79. Kd2 Rh1 80. Rg2 Bxh3
81. Rxg5 Rh2 82. Rg6+ Be6 83. Ke1 Rh1+ 84. Bf1 Ke7 85. Kf2 Bd7 86. Rb6 Rh2+ 87. Bg2 Bh3 88. Kg3 Rxg2+ 89. Kxh3 Rc2 90. Rc6
1-0

[Event "To Blitz, or not to Blitz? Knockout"]
[Site "SchemingMind.com"]
[Date "2018.09.07"]
[Round "-"]
[White "kazimoto75"]
[Black "Wojtek26"]
[Result "1-0"]
[WhiteCountry "POL"]
[BlackCountry "POL"]
[WhiteElo "1949"]
[WhiteRD "117"]
[BlackElo "1628"]
[BlackRD "61"]
[GameID "432165"]

1. d4 d5 2. c4 e6 3. Nf3 Nf6 4. Nc3 Bb4 5. Bd2 dxc4 6. e3 O-O 7. Bxc4 c5 8. a3 cxd4 9. axb4 dxe3 10. Bxe3 Nc6
11. O-O Qc7 12. Nb5 Qb8 13. Bc5 Rd8 14. Bd6 Rxd6 15. Nxd6 a6 16. Ng5 b5 17. Bb3 Bb7 18. Ndxf7 h6 19. Re1 hxg5 20. Nxg5 Kh8
21. Rxe6 Qf4 22. Nf7+ Kh7 23. Qd3+ Kg8 24. Ng5 Kh8 25. Re8+ Rxe8 26. Qh3+
1-0

[Event "To Blitz, or not to Blitz? Knockout"]
[Site "SchemingMind.com"]
[Date "2018.09.07"]
[Round "-"]
[White "Wojtek26"]
[Black "kazimoto75"]
[Result "0-1"]
[WhiteCountry "POL"]
[BlackCountry "POL"]
[WhiteElo "1628"]
[WhiteRD "61"]
[BlackElo "1949"]
[BlackRD "117"]
[GameID "432166"]

1. d4 e6 2. e3 Nf6 3. c4 d5 4. Nf3 Be7 5. Be2 O-O 6. O-O b6 7. a3 Nbd7 8. Nc3 Bb7 9. b4 dxc4 10. Bxc4 c5
11. b5 cxd4 12. Nxd4 Qc7 13. Qb3 Rac8 14. Nc6 Bxc6 15. bxc6 Qxc6 16. Bb2 Qxc4 17. Qxc4 Rxc4 18. Ne2 Rc2 19. Bxf6 Bxf6 20. Nf4 Bxa1
21. Rxa1 g5 22. Nh3 g4 23. Nf4 Nf6 24. Nd3 Rd8 25. Nb4 Rb2 26. Nc6 Rdd2 27. Rf1 Ne4 28. Nxa7 Nxf2 29. Nc8 Nh3+
0-1

[Event "To Blitz, or not to Blitz? Knockout"]
[Site "SchemingMind.com"]
[Date "2018.09.07"]
[Round "-"]
[White "Clive Everill"]
[Black "swayne"]
[Result "1-0"]
[WhiteCountry "CZE"]
[BlackCountry "ENG"]
[WhiteElo "1729"]
[WhiteRD "60"]
[BlackElo "1651"]
[BlackRD "101"]
[GameID "432316"]

1. e4 e5 2. f4 d6 3. Nf3 Nc6 4. Bc4 Nf6 5. Nc3 Qe7 6. O-O h6 7. d3 a6 8. Bd2 Bd7 9. fxe5 dxe5 10. Nd5 Nxd5
11. Bxd5 O-O-O 12. Ne1 f6 13. a3 g5 14. b4 Na7 15. Bb3 Bg7 16. c4 Nc6 17. Nc2 Kb8 18. a4 Nd4 19. Nxd4 exd4 20. b5 axb5
21. axb5 c6 22. bxc6 Bxc6 23. Rf5 Kc7 24. Ra7 Ra8 25. Rfa5 Rxa7 26. Rxa7 Kd6 27. Bb4+
1-0

[Event "To Blitz, or not to Blitz? Knockout"]
[Site "SchemingMind.com"]
[Date "2018.09.07"]
[Round "-"]
[White "swayne"]
[Black "Clive Everill"]
[Result "0-1"]
[WhiteCountry "ENG"]
[BlackCountry "CZE"]
[WhiteElo "1592"]
[WhiteRD "78"]
[BlackElo "1696"]
[BlackRD "58"]
[GameID "432317"]

1. e4 e6 2. d4 c5 3. Nf3 cxd4 4. Qxd4 Nc6 5. Qd1 Nf6 6. Nc3 Qc7 7. Be2 Bb4 8. Bd2 Bxc3 9. Bxc3 e5 10. O-O Nxe4
11. Qd3 f5 12. a3 Nxc3 13. Qxc3 d6 14. Rad1 O-O 15. Ng5 Qe7 16. Nf3 Bd7 17. Qb3+ Kh8 18. h3 Be6 19. Qe3 f4 20. Qd3 Rfd8
21. c3 a6 22. Rd2 Rd7 23. Bd1 d5 24. Qc2 g6 25. b4 Bf5 26. Qb3 Rad8 27. Bc2 e4 28. Nh2 d4 29. cxd4 Nxd4 30. Qc3 Qg7
31. Kh1 Ne6 32. Qxg7+ Nxg7 33. Rdd1 Rxd1 34. Bxd1 Rd3 35. a4 Rd4 36. b5 axb5 37. axb5 Rb4 38. Be2 Bd7 39. Rd1 Be8 40. Rd8 Kg8
41. Ng4 Kf8 42. Rb8 h5 43. Nh6 Rb2 44. Bf1 Rb1 45. Kg1 Ke7 46. Rxb7+ Bd7 47. b6 Ne6 48. Ng8+ Kd6 49. Nf6 Bc6 50. Rb8 e3
51. fxe3 fxe3
0-1

[Event "To Blitz, or not to Blitz? Knockout"]
[Site "SchemingMind.com"]
[Date "2018.09.08"]
[Round "-"]
[White "kenneth m day"]
[Black "wheeler"]
[Result "1-0"]
[WhiteCountry "USA"]
[BlackCountry "HUN"]
[WhiteElo "1709"]
[WhiteRD "56"]
[BlackElo "1505"]
[BlackRD "124"]
[GameID "432339"]

1. e4 d6 2. d4 e5 3. Nf3 Nf6 4. Nc3 a6 5. Bc4 b5 6. Be2 Nc6 7. dxe5 dxe5 8. Bg5 Be7 9. Qxd8+ Bxd8 10. O-O-O Be7
11. a3 Be6 12. h3 O-O 13. Be3 Rfd8 14. Ng5 Bd7 15. Nd5 Nxd5 16. exd5 Na5 17. Nf3 Nc4 18. Bxc4 bxc4 19. Nxe5 Rab8 20. Nxc4 Bf6
21. Bd4 Bb5 22. Bxf6 gxf6 23. Na5 Re8 24. Rhe1 Ba4 25. Rxe8+ Rxe8 26. Nb7 Re2 27. Rd2 Re1+ 28. Rd1 Re2 29. Rd2 Re1+ 30. Rd1 Re2
31. b3 Bb5 32. a4 Bd7 33. Nc5 Bf5 34. Rd2 Re1+ 35. Kb2 a5 36. Nb7 Rg1 37. f3 Kg7 38. Nxa5 Kg6 39. Nc6 Bd7 40. a5 Re1
41. a6 Re8 42. Rd4 Ra8 43. Ra4 Kf5 44. a7 Bxc6 45. dxc6 Ke5 46. Kc3 Kd6 47. Ra6 Kc5 48. Ra4 Kxc6 49. Ra6+ Kb7 50. Rxf6 Rxa7
51. Rxf7
1-0

[Event "To Blitz, or not to Blitz? Knockout"]
[Site "SchemingMind.com"]
[Date "2018.09.08"]
[Round "-"]
[White "wheeler"]
[Black "kenneth m day"]
[Result "0-1"]
[WhiteCountry "HUN"]
[BlackCountry "USA"]
[WhiteElo "1505"]
[WhiteRD "124"]
[BlackElo "1709"]
[BlackRD "56"]
[GameID "432340"]

1. e4 e5 2. Nf3 Nc6 3. Bb5 Nf6 4. Ba4 Bc5 5. O-O d6 6. c3 Bd7 7. Re1 O-O 8. Bb3 a6 9. h3 Ne7 10. d4 exd4
11. cxd4 Ba7 12. Bg5 Ng6 13. Nc3 Re8 14. e5 dxe5 15. dxe5 Nxe5 16. Nxe5 Be6 17. Kh2 Qe7 18. Ba4 Red8 19. Qe2 h6 20. Bf4 b5
21. Bb3 Qc5 22. Nd3 Qf5 23. Bxc7 Rxd3 24. Rad1 Rxd1 25. Nxd1 Rc8 26. Bg3 Bxb3 27. axb3 Rc2 28. Qf1 Ne4 29. f3 Nxg3 30. Kxg3 Bb8+
31. f4 Qg5+ 32. Kf3 Qxf4#
0-1